00357nam a2200133Ia 4500008004100000020001500041041001200056082001900068100001400087245007000101260002800171300000800199650001600207221030s9999 xx 000 0 und d a8120325958 aEnglish a105.23bSharma aS. Sharma 0aDigital Signal Processing including MATLAB programscby S. Sharma bKatsonaNew Delhic2005 a471 aBE Computer